Statistieken voor Landen van de Wereld zonder letter E

Klik hier om de quiz te nemen!

Algemene statistieken

  • Deze quiz is 144 keer genomen
    (77 sinds de laatste reset)
  • De gemiddelde score is 56 van 81

Antwoordstatistieken

Antwoord% Correct
Duitsland
93%
Rusland
93%
Finland
83%
Frankrijk
83%
Japan
83%
Portugal
83%
Zuid-Afrika
83%
Canada
80%
Irak
80%
Kazachstan
80%
San Marino
80%
Afghanistan
78%
Andorra
78%
Colombia
78%
IJsland
78%
Iran
78%
Marokko
78%
China
75%
Paraguay
75%
Vaticaanstad
75%
Angola
73%
Chili
73%
Ghana
73%
Haïti
73%
India
73%
Laos
73%
Monaco
73%
Pakistan
73%
Thailand
73%
Uruguay
73%
Bolivia
70%
Botswana
70%
Burkina Faso
70%
Cuba
70%
Fiji
70%
Nauru
70%
Qatar
70%
Togo
70%
Dominica
68%
Gambia
68%
Mali
68%
Palau
68%
Saint Lucia
68%
Tadzjikistan
68%
Trinidad plus Tobago
68%
Tsjaad
68%
Zambia
68%
Bahama's
65%
Bhutan
65%
Gabon
65%
Guyana
65%
Kiribati
65%
Kosovo
65%
Libanon
65%
Madagaskar
65%
Myanmar
65%
Oman
65%
Oost-Timor
65%
Tonga
65%
Barbados
63%
Cambodja
63%
Costa Rica
63%
Panama
63%
Rwanda
63%
Taiwan
63%
Cyprus
60%
Honduras
60%
Jamaica
60%
Malta
60%
Nicaragua
60%
Samoa
60%
Tanzania
60%
Tuvalu
60%
Antigua plus Barbuda
58%
Burundi
58%
Djibouti
58%
Ivoorkust
58%
Mauritius
58%
Sri Lanka
58%
Malawi
55%
Vanuatu
55%

Scoreverdeling

Percentiel versus Aantal Correcte Antwoorden

Procent van Mensen met Elke Score

Uw Scoregeschiedenis

U heeft deze quiz nog niet genomen sinds de laatste reset